00472nam a22001337a 450000500170000001000130001702000250003003700410005508200060009624500500010226000580015227001070021030000210031720190928135330.0 aB-161245 a81-209-1279-9c75.00 bPitambar Publishing Company PVT.LTD. aS aThe neclace of diamonds/cJai prakash bharti  aNew DelhibPitambar Publishing Company PVT.LTD.c2004 a888 East Park Road Karol Bagh New DelhibNew Delhie110005k23625528,23670067,23522997l91-11-23676058 a68p.bIll.c26cm